| 000 | 01110nam a22003137a 4500 | ||
|---|---|---|---|
| 003 | DO-SdBPM | ||
| 005 | 20250901092717.0 | ||
| 007 | ta | ||
| 008 | 161122b2011 ag a|| 00| 0 spa d | ||
| 020 | _a9789870409625 | ||
| 040 |
_aDO-SdBPM _bspa _cBPMSU _erda |
||
| 082 | 4 |
_aA863.6 _bC112q 2011 _222 |
|
| 100 | 1 |
_aCabal, Graciela Beatriz _d1939-2004. _eautora _6 |
|
| 245 | 1 | 0 |
_a¡Qué sorpresa, Tomasito! / _cGraciela Beatriz Cabal ; ilustraciones Sandra Lavandeira ; edición María Fernanda Maquieira |
| 264 |
_aBuenos Aires : _bAlfaguara, _c2011 |
||
| 300 |
_a38 páginas : _bilustraciones, _c19 cm. |
||
| 336 |
_atexto _btxt _2rdacontent |
||
| 337 |
_asin mediaciónn _bn _2rdamedia |
||
| 338 |
_avolumen _bnc _2rdacarrier |
||
| 490 | 0 | _aAlfaguara Infantil | |
| 590 | _aInventariado, 2025/VM | ||
| 650 | 7 | _aCuentos juveniles argentinos. | |
| 650 | 7 |
_aFamilia _vCuentos infantiles. |
|
| 650 | 7 | _aLibros ilustrados para niños. | |
| 700 | 1 |
_aLavandeira, Sandra, _eilustración |
|
| 700 | 1 |
_aMaquieira, María Fernanda, _eedición |
|
| 910 | _aVMateo V. Control de calidad. BPMSU | ||
| 942 |
_2ddc _cBK |
||
| 999 |
_c12036 _d12036 |
||